000 00841cam a22002411a 4500
001 000001209
005 20200929145516.0
008 840302m19069999cl c a 000 0 spa
040 _aDO-SdBNP
_sspa
_cBNPHU
082 _bL349o
100 1 _aLastarria, Jose Victorino,
_d1817-1888.
_94131
245 1 0 _aObras completas de Don J. V. Lastarria.
250 _aEd. oficial.
260 _aSantiago de Chile :
_bBarcelona,
_c1906.
300 _a1 v. : ;
_c26 cm.
585 _aPertenecio a la colección de Federico Henrìquez y Carbajal.
650 0 _aPolitical science.
_94132
650 0 _aConstitutional law.
_94133
651 0 _aChile
_xPolitics And Government.
_94134
650 0 _aConstitutional history
_zChile.
_94135
651 0 _aLatin America
_xHistory.
_94136
700 1 _aFuenzalida Grandon, Alejandro, [from old catalog]
_eed.
_94137
999 _c1159
_d1159